| 000 | 00595nac a22001811u 4500 | ||
|---|---|---|---|
| 020 | _a8121903351 | ||
| 082 | 0 | 0 |
_a339 _bA287 |
| 090 |
_c1049 _d1049 |
||
| 100 | _aAhuja, H. L. | ||
| 245 | 1 | 0 |
_aPrinciples of macroeconomic / _cH. L. Ahuja, |
| 250 | _a13th revised ed. | ||
| 260 |
_aNew Delhi : _bS Chand & Co., _c2005. |
||
| 300 |
_a832 p. : _bill. ; _c24 cm. |
||
| 504 | _aIncludes bibliographies and index. | ||
| 650 | 0 | _aMacroeconomics. | |
| 942 |
_cBB _k339A287 |
||
| 999 |
_c1049 _d1049 |
||